Countries Closest to Suriname - Sudden Death - Statistics

General Stats
  • This quiz has been taken 15 times
  • The average score is 6 of 15
Answers on the Grid
Answers color-coded by a green-red scale on the quiz's grid according to % correct below.
Antigua and Barbuda
Saint Kitts and Nevis
Barbados
Dominica
Saint Lucia
Saint Vincent and the Grenadines
Trinidad and Tobago
Grenada
Venezuela
Colombia
Peru
Brazil
Guyana
Bolivia
Dominican Republic
Canada
United States
Mexico
Guatemala
Belize
Honduras
El Salvador
Nicaragua
Costa Rica
Panama
Ecuador
Cuba
Bahamas
Haiti
Paraguay
 
Answer Stats
Answer % Correct
Brazil
70%
Guyana
70%
Colombia
50%
Dominica
50%
Trinidad and Tobago
50%
Grenada
40%
Saint Vincent and the Grenadines
40%
Venezuela
40%
Antigua and Barbuda
30%
Saint Kitts and Nevis
30%
Saint Lucia
30%
Barbados
20%
Bolivia
10%
Dominican Republic
10%
Peru
10%
No matching quizzes found
Score Distribution
Percent of People with Each Score
Percentile by Number Answered
Your Score History
You have not taken this quiz